Efektívnosť bánk v krajinách strednej a východnej Európy diplomová práca

Salvato in:
Dettagli Bibliografici
Autore principale: Brezinová, Katarína
Ente Autore: Národohospodárska fakulta EU. Katedra bankovníctva a medzinárodných financií
Altri autori: Horvátová, Eva, 1958-
Natura: Libro
Lingua:slovacco
Pubblicazione: Bratislava 2018
Tags: Aggiungi Tag
Nessun Tag, puoi essere il primo ad aggiungerne!!

MARC

LEADER 00000nbm a2200000 4500
001 0244290
005 20181113145715.7
041 0 |a slo 
044 |a SK 
245 1 0 |a Efektívnosť bánk v krajinách strednej a východnej Európy  |b diplomová práca  |c Katarína Brezinová ; školiteľ: Eva Horvátová 
264 1 |a Bratislava  |c 2018 
300 |a 73 s. 
100 1 |a Brezinová, Katarína 
700 1 |a Horvátová, Eva, 1958- 
710 2 |a Národohospodárska fakulta EU. Katedra bankovníctva a medzinárodných financií